000 00700nam a2200241 i 4500
001 bg
100 1 _aBECKER, Norbert
245 1 0 _aDialog Beruf Starter :
_bDeutsch als Fremdsprache : Lehrerhandbuch /
_cBecker / Braunert.
260 _aIsmaning :
_bMax Hueber Verl.,
_c2004.
300 _a145 s. :
_bil. ;
_c28 cm.
650 9 _aJęzyk niemiecki
_xnauczanie
700 1 _aBRAUNERT,
020 _a3190216312 (podręcznik)
020 _a8388972200 (kasety)
040 _cBPK
041 0 _ager
080 _a372.881.111.22
920 _a3-19-021631-2 (podręcznik)
920 _a83-88972-20-0 (kasety)
942 _cKS
008 s pl f |000 0 pol
999 _c44847
_d44847
856 _uhttp://koha.tu.koszalin.pl/cgi-bin/koha/opac-detail.pl?biblionumber=44847
_yKatalog online BPK